000 01317nam a2200253 a 4500
001 000045180
005 20240315194915.0
008 150206s1993 dr ab 000 0 spa d
040 _aDO-SdBNP
_bspa
_cBNPHU
082 _a333.7932
_bM766e
100 1 _aMontás, Juan Temístocles
_d1950-
_979676
245 1 0 _aEnergía, política y economía en la República Dominicana :
_blos problemas de la década de los ochenta /
_cJuan Temístocles Montás.
260 _aSanto Domingo :
_bAlfa y Omega,
_c1993.
300 _aviii, 252 p. :
_bil., gráfico ;
_c21 cm.
500 _aIncluye datos biográficos del autor en las solapas
500 _aIncluye referencias bibliográficas y notas al pie de las páginas.
505 0 _aIntroducción --
_tEnergía y desarrollo --
_tEnergía, política y económica: El caso dominicano --
_tAlternativas energéticas --
_tEl subsector eléctrico --
_tEl subsector hidrocarburos --
_tLeña y Carbón vegetal --
_tA modo de epílogo.
590 _aInventariado, 2018/LP
650 4 _aRecursos enérgicos
_zRepública Dominicana
_973196
650 4 _aProducción de energía eléctrica
_zRepública Dominicana
_973197
650 4 _aHidrocarburos
_zRepública Dominicana
_973198
651 4 _aRepública Dominicana
_xPolítica De Económica
_973199
910 _aValidado.Control de calidad MFF
999 _c44669
_d44669